000 00672nam a2200181Ia 4500
008 151018s9999 xx 000 0 und d
082 _bRBASDV27528
_a891.463
100 _aहेमंत नानोटकर
245 _aविज्ञानाच्या पाउलखुणा
250 _b1
260 _bज्ञानेश प्रकाशन
_c1994
300 _a72
600 _aहेमंत नानोटकर
630 _aविज्ञानाच्या पाउलखुणा
700 _aहेमंत नानोटकर
730 _aविज्ञानाच्या पाउलखुणा
942 _cBOOK
999 _c1027118
_d1027115